000 00709nam a2200229 i 4500
001 bgj
245 1 0 _aWortschatz der deutschen Sprache in der DDR :
_bFragen seines Aufbaus und seiner Verwendungsweise /
_cvon einem Autorenkollektiv unter Leitung von Wolfgang Fleischer.
250 _a2., unveränd. Aufl.
260 _aLeipzig :
_bVEB Bibliographisches Institut,
_c1988.
300 _a366 s. ;
_c22 cm.
504 _aBibliogr. s. 346-363.
650 _aJęzykoznawstwo
700 1 _aFLEISCHER, Wolfgang.
020 _a3323000854
040 _cBPK
041 0 _ager
044 _aDEU
080 _a81'1
920 _a3-323-00085-4
942 _cKS
008 s gw f |000 0 ger
999 _c49550
_d49550